|
|
|
|
| LEADER |
00917pam a22002298a 4500 |
| 001 |
00024031 |
| 005 |
20171026081023.0 |
| 008 |
110711s2008 ||||||viesd |
| 041 |
0 |
# |
|a vie
|
| 082 |
1 |
4 |
|a 664.007 1
|b B103GI
|
| 100 |
0 |
# |
|a Đỗ Thị Bích Thủy
|
| 245 |
0 |
0 |
|a Bài giảng công nghệ thực phẩm
|b Dành cho ngành công nghệ sinh học
|c Đỗ Thị Bích Thủy
|
| 260 |
# |
# |
|a Huế
|b ĐH Huế
|c 2008
|
| 300 |
# |
# |
|a 43tr.
|c 27cm.
|
| 653 |
# |
# |
|a bài giảng
|
| 653 |
# |
# |
|a công nghệ thực phẩm
|
| 653 |
# |
# |
|a công nghệ sinh học
|
| 852 |
# |
# |
|b Kho giáo trình
|j KGT.0009800, KGT.0009801, KGT.0009802, KGT.0009803, KGT.0009804
|
| 852 |
# |
# |
|j KGT.0009800
|j KGT.0009801
|j KGT.0009803
|j KGT.0009804
|j KGT.0009802
|
| 852 |
# |
# |
|b Kho mượn
|j KGT.0009800
|
| 910 |
|
|
|d 11/07/2011
|
| 980 |
# |
# |
|a Trung tâm Học liệu Lê Vũ Hùng, Trường Đại học Đồng Tháp
|